000 00994cam a22002174a 4500
005 20250605164054.0
008 250528s ||||||||||||||||||||||||d
035 _a17400
020 _a155029037
040 _aGR-AtMCL
_bgre
_dGR-AtMCL
_eAACR2
245 1 _aApplied Calculus
250 _a1st
260 _bHarcourt Brace Jovanovich, Publishers,
_c1989
300 _a898
520 _aPreface, Functions, Limits and Continuity and Rates of Change, The Derivative, Applications of the Derivative, The Exponential and Logarithmic Functions, Antidifferentiation, The Definite Integral, Functions of Several Variables, The Trigonometric Functions, Differential Equations, Calculus in Probability Theory, Taylor Polynomials and Infinite Series, Appendix A: Review of Basic Algebra, Appendix B: Tables, Answers to Odd-Numbered Exercises and Chapter Tests, Index.
700 1 _aDenlinger Charles G
_93554
700 1 _aKolman Bernard
_93555
942 _cBK
999 _c2821
_d2821